Kế hoạch hoá kinh tế vĩ mô

में बचाया:
ग्रंथसूची विवरण
मुख्य लेखक: Ts.Đặng Đức Đạm
स्वरूप: पुस्तक
भाषा:Vietnamese
प्रकाशित: Chính trị quốc gia 2000
टैग : टैग जोड़ें
कोई टैग नहीं, इस रिकॉर्ड को टैग करने वाले पहले व्यक्ति बनें!
Thư viện lưu trữ: Mạng thư viện Đại học Đà Nẵng
LEADER 00643nam a2200277 4500
001 000025791
003 1343
005 20150325120000.0
008 150325s vm 000 vie
020 |c 26000,0000 
040 |a D4 
100 |a Ts.Đặng Đức Đạm 
245 |a Kế hoạch hoá kinh tế vĩ mô 
260 |b Chính trị quốc gia  |c 2000 
300 |a 353tr. ; 
OWN |a LTT 
999 |a From the UDN01 
TYP |a Monograph 
TYP |a Printed language 
980 |a Mạng thư viện Đại học Đà Nẵng